000 00661nam a2200205 i 4500
001 151043
003 ES-MaACL
005 20230906203819.0
007 t|
008 071203s1922 fr ||||1| fre d
100 1 _aBersaucourt, Albert de.
_928410
245 1 0 _aAu temps des Parnassiens
_b: Nina de Villard et ses amis /
_cA. de Bersaucourt.
260 _aParis :
_bLa Renaissance du Livre,
_c[1922?]
300 _a190 p. ;
_c19 cm.
490 1 _aBibliothèque internationale de critique
600 1 4 _aVillard, Nina de.
_9115109
830 0 _aBibliothèque internationale de critique
_9183708
852 _aES-MaACL
_jF-11457
999 _c151043
_d151043